000 01795nam a22002657a 4500
999 _c57662
_d57662
003 Ge_BSU
005 20220407125002.0
008 200901s2019 xxu||||| |||| 00| 0 geo d
020 _a9789941488122
041 _ageo
080 _a37.026(075.8) ს-98
245 _aსწავლებისა და განათლების თეორია დიდაქტიკის საფუძვლებით :
_bდამხმარე სახელმძღვანელო /
_cლელა თავდგირიძე ; გული შერვაშიძე ; ნანი მამულაძე ; ნატო შეროზია.
264 _aბათუმი :
_bბათუმის შოთა რუსთაველის სახელმწიფო უნიტის გამ-ბა,
_c2019.
300 _a396 გვ .:
_bდანართები გვ:391-396
_c25 სმ.
653 _aსწავლებისა და განათლების თეორია
653 _aდიდაქტიკა
653 _aპედაგოგიკა
700 _aთავდგირიძე, ლელა
_91294
700 _aშერვაშიძე, გული
_99356
700 _aმამულაძე, ნანი
_99357
700 _aშეროზია, ნატო
_99358
710 _aბათუმის შოთა რუსთაველის სახელმწიფო უნივერსიტეტი ზუსტ მეცნიერებათა და განათლების ფაკულტეტი
_99359
856 _uhttps://drive.google.com/file/d/1TOZKbeVwFVeBHdtv83C3KosJs8VeKQvy/view?usp=sharing
_yელ. ვერსია pdf
942 _2udc
_cBK